书目信息 |
| 题名: |
基础化学
|
|
| 作者: | ;《基础化学》编写组 编写 | |
| 分册: | 上册 | |
| 出版信息: | 上海 上海科学技术出版社 1985.03 |
|
| 页数: | 339页 | |
| 开本: | 20cm | |
| 丛书名: | ||
| 单 册: | ||
| 中图分类: | O6 | |
| 科图分类: | ||
| 主题词: | 定量分析 , 化学 | |
| 电子资源: | ||
| ISBN: | ||
| 000 | 00670nam0 2200241 45 | |
| 001 | 0179000644 | |
| 005 | 20060524160029.12 | |
| 010 | @dCNY1.85 | |
| 091 | @a13119.911 | |
| 100 | @a19950726d1985 em y0chiy0121 ea | |
| 101 | 0 | @achi |
| 102 | @aCN@b310000 | |
| 105 | @ay z 000yy | |
| 200 | 10 | @a基础化学@Aji chu hua xue@h上册@f《基础化学》编写组编写@F《ji chu hua xue》bian xie zu bian xie |
| 205 | @a2版 | |
| 210 | @a上海@c上海科学技术出版社@d1985.03 | |
| 215 | @a339页@d20cm | |
| 606 | @a定量分析 | |
| 606 | @a化学 | |
| 690 | @aO6@v3 | |
| 711 | 0 | @a《基础化学》编写组@A《ji chu hua xue》bian xie zu@4编写 |
| 801 | 0 | @aCN@bNLC@c20060524 |
| 905 | @dO6@e100:1=2 | |
| 基础化学.上册/《基础化学》编写组编写.-2版.-上海:上海科学技术出版社,1985.03 |
| 339页;20cm |
| ISBN :CNY1.85 |
| ● |
| 相关链接 |
|
|
|
|
正题名:基础化学
索取号:O6/100:1=2
 
预约/预借
| 序号 | 登录号 | 条形码 | 馆藏地/架位号 | 状态 | 备注 |
| 1 | 0140404 | 202384348 | 密集书库/ [索取号:O6/100:1=2] | 在馆 | |
| 2 | 0140405 | 202345934 | 密集书库/ [索取号:O6/100:1=2] | 在馆 | |
| 3 | 0140406 | 000338003 | 第三借阅区/ [索取号:O6/100:1=2] | 在馆 | |
| 4 | 0140407 | 202345961 | 密集书库/ [索取号:O6/100:1=2] | 在馆 | |
| 5 | 0140408 | 202102205 | 第二样本阅览室/ [索取号:O6/100:1=2] | 在馆 |